000 00437nam a2200169 a 4500
001 1761372659968
003 ACL
005 20251025114242.0
008 251025s2003##################000#0#eng##
020 _a9780070586178
082 0 4 _a658.7
_bFRA
100 1 _aFrazelle,
_eauthor.
245 1 0 _aSupply Chain Strategy:The Logistics Of S :
260 _bTata McGraw-Hill Education,
_c2003.
942 _cENGLISH
040 _aACL
_beng
_cACL
999 _c593647
_d593647